[Event "Hoogovens"]
[Site "Wijk aan Zee"]
[Date "1972.??.??"]
[Round "1"]
[White "Pomar Salamanca, Arturo"]
[Black "Hartoch, Robert G"]
[Result "1-0"]
[WhiteElo "2510"]
[BlackElo "2400"]

1.d4 Nf6 2.c4 c5 3.d5 g6 4.Nc3 d6 5.e4 Bg7 6.Bd3 O-O 7.Nf3 e6 8.O-O exd5
9.cxd5 Bg4 10.h3 Bxf3 11.Qxf3 a6 12.Bf4 Qc7 13.Qg3 Ne8 14.Rae1 Nd7 15.Bg5 c4
16.Bb1 Nc5 17.f4 f6 18.Bh4 b5 19.Qf3 Qd7 20.Kh1 Nc7 21.Ne2 Rae8 22.f5 gxf5
23.exf5 Re5 24.Nf4 Rfe8 25.Ne6 Nd3 26.Bxd3 cxd3 27.Qxd3 Rc8 28.Bg3 Rxe1 29.Rxe1 Ne8
30.Bf2 Bh6 31.Bd4 Kh8 32.Qg3 Qf7 33.Re4 Qh5 34.Rg4 Qf7 35.Qh4 Bd2 36.Rg6 Rc1+
37.Kh2 Be1 38.Rxf6  1-0

[Event "Hoogovens"]
[Site "Wijk aan Zee"]
[Date "1972.??.??"]
[Round "1"]
[White "Portisch, Lajos"]
[Black "Timman, Jan H"]
[Result "1/2-1/2"]
[WhiteElo "2630"]
[BlackElo "2445"]

1.d4 Nf6 2.c4 g6 3.Nc3 d5 4.Nf3 Bg7 5.Qb3 dxc4 6.Qxc4 O-O 7.e4 Na6 8.Bf4 c5
9.Rd1 cxd4 10.Rxd4 Qb6 11.e5 Be6 12.Qb5 Nh5 13.Be3 Qxb5 14.Bxb5 f6 15.Ra4 Nc7
16.Nd4 Nxb5 17.Nxe6 Nxc3 18.bxc3 Rfc8 19.g4 Kf7 20.Nc5 b5 21.Rb4 Nf4 22.Rxf4 Bh6
23.Rf3 Bxe3 24.Ne4 Bd4 25.exf6 Bxf6 26.Ke2 Rc4 27.Rxf6+ exf6 28.Nd6+ Ke6
29.Nxc4 bxc4 30.Rb1 f5 31.f3 f4 32.Rb7 Kd6 33.Rxh7 Re8+ 34.Kf2 Re3 35.Rh6 Rxc3
36.Rxg6+ Kd5 37.h4 Rc2+ 38.Ke1 c3 39.Kd1 Rd2+ 40.Kc1 Rxa2  1/2-1/2

[Event "Hoogovens"]
[Site "Wijk aan Zee"]
[Date "1972.??.??"]
[Round "2"]
[White "Donner, Jan Hein"]
[Black "Ree, Hans"]
[Result "1/2-1/2"]
[WhiteElo "2500"]
[BlackElo "2430"]

1.d4 g6 2.c4 Bg7 3.Nc3 d6 4.e4 Nc6 5.d5 Nd4 6.Be3 c5 7.Nge2 Qb6 8.Qd2 Nf6
9.Nxd4 cxd4 10.Qxd4 Qxb2 11.Rb1 Qa3 12.Qd2 Qa5 13.f3 O-O 14.Nb5 Qxd2+ 15.Kxd2 b6
16.Be2 Bd7 17.a4 Rfc8 18.Rhc1 Be8 19.Rc2 Nd7 20.a5 Nc5 21.axb6 axb6 22.Nd4 Ra6
23.Rcb2 Rb8 24.Rb4 Ra2+ 25.R1b2 Ra6 26.Bd1 Bd7 27.Bc2 Kf8 28.Rb1 Ke8 29.Nb3 Na4
30.Bd4 Bxd4 31.Nxd4 Nc5  1/2-1/2

[Event "Hoogovens"]
[Site "Wijk aan Zee"]
[Date "1972.??.??"]
[Round "2"]
[White "Timman, Jan H"]
[Black "Pomar Salamanca, Arturo"]
[Result "0-1"]
[WhiteElo "2445"]
[BlackElo "2510"]

1.e4 c6 2.d3 d5 3.Nd2 e5 4.Ngf3 Bd6 5.g3 Ne7 6.Bg2 O-O 7.O-O Nd7 8.Re1 f5
9.exf5 Nxf5 10.b3 Qf6 11.Bb2 Nh6 12.c4 Nf7 13.cxd5 cxd5 14.Qe2 Nb6 15.a4 Bg4
16.h3 Bh5 17.Rac1 Rae8 18.a5 Nd7 19.Bc3 Nc5 20.b4 Na4 21.Ba1 Bxb4 22.g4 Bg6
23.d4 e4 24.Qb5 Bxd2 25.Nxd2 Qxf2+ 26.Kxf2 Nd6+ 27.Kg3 Nxb5 28.Nf1 Rc8 29.Ne3 Nac3
30.Bf1 Rxf1  0-1

[Event "Hoogovens"]
[Site "Wijk aan Zee"]
[Date "1972.??.??"]
[Round "6"]
[White "Browne, Walter S"]
[Black "Hort, Vlastimil"]
[Result "1/2-1/2"]
[WhiteElo "2530"]
[BlackElo "2605"]

1.e4 Nf6 2.e5 Nd5 3.d4 d6 4.Nf3 Bg4 5.Be2 e6 6.c4 Nb6 7.exd6 cxd6 8.Be3 Be7
9.O-O O-O 10.h3 Bh5 11.Nc3 Nc6 12.d5 exd5 13.Nxd5 Nxd5 14.cxd5 Bxf3 15.Bxf3 Ne5
16.Be2 f5 17.f4 Nd7 18.Qb3 Bf6 19.Bd3 Nc5 20.Bxc5 dxc5  1/2-1/2

[Event "Hoogovens"]
[Site "Wijk aan Zee"]
[Date "1972.??.??"]
[Round "6"]
[White "Ljubojevic, Ljubomir"]
[Black "Portisch, Lajos"]
[Result "0-1"]
[WhiteElo "2510"]
[BlackElo "2630"]

1.e4 c5 2.Nf3 d6 3.d4 cxd4 4.Nxd4 Nf6 5.Nc3 a6 6.Bc4 e6 7.Bb3 b5 8.O-O Be7
9.f4 O-O 10.f5 e5 11.Nde2 Nbd7 12.Bg5 Bb7 13.Ng3 Rc8 14.Bxf6 Nxf6 15.a3 Qb6+
16.Kh1 Qe3 17.Rf3 Qg5 18.Qd3 Qh4 19.Re1 Rc7 20.Re2 Rfc8 21.h3 Qg5 22.Qe3 Qxe3
23.Rfxe3 Rc5 24.Rd3 a5 25.Rdd2 h5 26.h4 Kf8 27.Kh2 Ba6 28.Nd5 Nxd5 29.exd5 R5c7
30.Kh3 a4 31.Ba2 b4 32.Re4 bxa3 33.Rxa4 Bc4 34.b3 Bb5 35.Rxa3 Rc3 36.Bb1 e4
37.Kh2 e3 38.Rd4 Bf6 39.Rb4 Be5 40.Rxb5 e2  0-1

[Event "Hoogovens"]
[Site "Wijk aan Zee"]
[Date "1972.??.??"]
[Round "8"]
[White "Smyslov, Vassily"]
[Black "Timman, Jan H"]
[Result "1-0"]
[WhiteElo "2620"]
[BlackElo "2445"]

1.Nf3 g6 2.e4 Bg7 3.d4 d6 4.Nc3 Bg4 5.Be3 Nc6 6.Bb5 a6 7.Bxc6+ bxc6 8.h3 Bxf3
9.Qxf3 e6 10.e5 Ne7 11.Ne4 Nd5 12.Bg5 Qb8 13.O-O h6 14.Bf6 Bxf6 15.exf6 Qxb2
16.c4 Qxd4 17.cxd5 cxd5 18.Nc3 O-O 19.Rad1 Qe5 20.g4 Rab8 21.Rfe1 Qg5 22.Rb1 c5
23.Kg2 Rb4 24.Rxb4 cxb4 25.Ne2 Rc8 26.Nd4 e5 27.Ne2 Qd2 28.Kf1 Qxa2 29.Qe3 Kh7
30.Qb6 Qb3 31.Kg2 d4 32.Qxd6 Qe6 33.Qxb4 Qxf6 34.Ng3 Qc6+ 35.Ne4 Rc7 36.Qf8 d3
37.Kh2 d2 38.Nxd2 Qf6 39.Ne4 Qf4+ 40.Kg2 Rc2 41.Qd6 a5 42.Qd5  1-0

[Event "Hoogovens"]
[Site "Wijk aan Zee"]
[Date "1972.??.??"]
[Round "8"]
[White "Savon, Vladimir A"]
[Black "Pomar Salamanca, Arturo"]
[Result "1-0"]
[WhiteElo "2570"]
[BlackElo "2510"]

1.e4 c6 2.d3 d5 3.Nd2 e5 4.Ngf3 Bd6 5.g3 Ne7 6.Bg2 O-O 7.O-O f5 8.exd5 cxd5
9.c4 Nbc6 10.cxd5 Nxd5 11.Qb3 Bc7 12.Nxe5 Be6 13.Nxc6 bxc6 14.Qa4 Qd7 15.Nb3 f4
16.Nc5 Qd6 17.Nxe6 Qxe6 18.Bd2 Bb6 19.Rae1 Qf5 20.Be4 Qg4 21.Kh1 Rf6 22.Qc4 Qh5
23.Bxf4 Kh8 24.g4 Qxg4 25.Be5 Qh5 26.Bxf6 Nxf6 27.Qxc6 Rd8 28.f3 Qh3 29.Qc2 Qh4
30.Qg2 Bc7 31.Bf5 h6 32.Re7 Ne8 33.Rfe1 Qh5 34.Bg6  1-0

[Event "Hoogovens"]
[Site "Wijk aan Zee"]
[Date "1972.??.??"]
[Round "11"]
[White "Timman, Jan H"]
[Black "Ljubojevic, Ljubomir"]
[Result "1-0"]
[WhiteElo "2445"]
[BlackElo "2510"]

1.Nf3 g6 2.e4 c5 3.c3 b6 4.d4 Bb7 5.Bc4 e6 6.d5 Bg7 7.Bg5 Qc7 8.O-O Nf6 9.Re1 O-O
10.d6 Qc8 11.e5 Nd5 12.Nbd2 f5 13.exf6 Nxf6 14.Ne5 Nc6 15.Nxd7 Nxd7 16.Bxe6+ Kh8
17.Qg4 Ncb8 18.Be7 Qc6 19.Ne4 Ne5 20.Qh3 Nbd7 21.Ng5 h5 22.Re4 Rf6 23.f4 Rxe6
24.Qxe6 Bh6 25.Rae1 Re8 26.fxe5 Bxg5 27.Qxg6 Rxe7 28.Qxg5 Rg7 29.Qxh5+ Kg8
30.Qe8+ Nf8 31.Qxc6 Bxc6 32.e6 Nxe6 33.Rxe6 Rxg2+ 34.Kf1 Rd2 35.R1e2 Bb5
36.Ke1 Rd3 37.R2e3 Rd5 38.c4 Bxc4 39.Re8+ Kg7 40.R3e7+ Kf6 41.Rf8+  1-0

[Event "Hoogovens"]
[Site "Wijk aan Zee"]
[Date "1972.??.??"]
[Round "13"]
[White "Pomar Salamanca, Arturo"]
[Black "Donner, Jan Hein"]
[Result "1/2-1/2"]
[WhiteElo "2510"]
[BlackElo "2500"]

1.d4 Nf6 2.Nf3 g6 3.g3 Bg7 4.Bg2 O-O 5.O-O d6 6.b3 e5 7.dxe5 Nfd7 8.Bb2 dxe5
9.e4 Nc6 10.Na3 Nc5 11.Qxd8 Rxd8 12.Nb5 Ne6 13.Rad1 Bd7  1/2-1/2

[Event "Hoogovens"]
[Site "Wijk aan Zee"]
[Date "1972.??.??"]
[Round "14"]
[White "Pomar Salamanca, Arturo"]
[Black "Smejkal, Jan"]
[Result "1-0"]
[WhiteElo "2510"]
[BlackElo "2515"]

1.d4 Nf6 2.Nf3 g6 3.g3 Bg7 4.Bg2 O-O 5.O-O c5 6.c4 cxd4 7.Nxd4 Nc6 8.Nc3 Qa5
9.Nb3 Qh5 10.e4 Qxd1 11.Rxd1 d6 12.Nd5 Nxd5 13.cxd5 Nb4 14.Bg5 Bxb2 15.Bxe7 Bxa1
16.Rxa1 Re8 17.Bxd6 Na6 18.f4 Bd7 19.Na5 b6 20.Nc6 Nc5 21.e5 Nb7 22.Bc7 Bxc6
23.dxc6 Nc5 24.Bd6 Rac8 25.c7 Kg7 26.Rc1 f6 27.Bc6 Re6 28.Rxc5 bxc5 29.Bd7 Ree8
30.Bxe8 Rxe8 31.Be7 Rc8 32.exf6+ Kf7 33.Bd8 Ke8 34.Kf2 h5 35.Ke3 Rxd8  1-0

[Event "Hoogovens"]
[Site "Wijk aan Zee"]
[Date "1972.??.??"]
[Round "15"]
[White "Langeweg, Kick"]
[Black "Hort, Vlastimil"]
[Result "1/2-1/2"]
[WhiteElo "2425"]
[BlackElo "2605"]

1.d4 d5 2.c4 dxc4 3.Nf3 Nf6 4.e3 Bg4 5.Bxc4 e6 6.O-O a6 7.b3 Nc6 8.Bb2 Bd6
9.Be2 O-O 10.Nbd2 Nd5 11.Rc1 Qe7 12.Nc4 f5  1/2-1/2